000 00673nam a2200265Ia 4500
005 20260123172727.0
008 008 260114s9999 xx 000 0 eng d
020 _a9780750333917
037 _aEBOOK
040 _aCRL
040 _beng
040 _cCRL
041 _2eng
041 _aeng
084 _qCRL
100 _aRamm, A G
_91107273
245 0 _aCreating Materials with a Desired Refraction Coefficient Second Edition
260 _bInstitute of Physics
260 _c2020
650 _aOptics and photonics
_91107274
856 _uhttps://doi.org/10.1088/978-0-7503-3391-7
942 _cEBOOK
999 _c1672337
_d1672337